Normal view
MARC view
- FAROOQ AHMAD
Entry Personal Name
001 - CONTROL NUMBER
- control field: 72883
003 - CONTROL NUMBER IDENTIFIER
- control field: NUST
005 - DATE AND TIME OF LATEST TRANSACTION
- control field: 20210628204932.0
008 - FIXED-LENGTH DATA ELEMENTS
- fixed length control field: 210628|| aca||aabn | a|a d
040 ## - CATALOGING SOURCE
- Original cataloging agency: NUST
- Transcribing agency: NUST
100 ## - HEADING--PERSONAL NAME
- Personal name: FAROOQ AHMAD
670 ## - SOURCE DATA FOUND
- Source citation: Work cat.: (NUST): FAROOQ AHMAD, , TH-SOF-0627-AERODYNAMIC MODELING OF ELLIPTICAL WING ORNITHOPTER USING QUASI STEADY APPROACH.PDF, 2018
